Building by Clue - Statistics

General Stats
  • This quiz has been taken 5 times
  • The average score is 4 of 15
Answer Stats
Clue Building % Correct
It is partly built over a waterfall on Bear Run in Pennsylvania. Fallingwater
75%
Four minarets were added to the building in the 15th century. Hagia Sophia
75%
It was the world's tallest building in 2005. Taipei 101
75%
A Baháʼí House of Worship in the shape of a flower. Lotus Temple
50%
The largest church in Italy. Milan Cathedral
50%
A pagoda, built in the 15th century and destroyed in the 19th. Porcelain Tower of Nanjing
50%
Greek temple located in the Delphic Sanctuary. Temple of Apollo
50%
French cathedral that was originally built as a fortress. Albi Cathedral
0%
Angkor temple covered in carved stone faces. Bayon
0%
The ruins of the building are part of the ruins of the city of Persepolis. Gate of All Nations
0%
It contains 134 columns. Great Hypostyle Hall
0%
Distinctive TV tower in Shanghai. Oriental Pearl Tower
0%
Maya pyramid found in the ruins of the city of Uxmal. It has an elliptical base. Pyramid of the Magician
0%
Currently the tallest building in Australia and the Southern Hemisphere (though not tallest structure). Q1
0%
A skyscraper in Mexico City, which is one of the strongest buildings on Earth in terms of earthquake resistance. Torre Mayor
0%
No matching quizzes found
Score Distribution
Percent of People with Each Score
Percentile by Number Answered
Your Score History
You have not taken this quiz